Muslim India and Its Goal (Record no. 2660)

MARC details
000 -LEADER
fixed length control field 00445nam a2200169 a 4500
082 00 - DEWEY DECIMAL CLASSIFICATION NUMBER
Classification number 323.39710954
Author Cutter AHM2
100 ## - MAIN ENTRY--AUTHOR NAME
Author name Ahmad, Jamal-Ud-din
245 ## - TITLE STATEMENT
Title Muslim India and Its Goal
260 ## - PUBLICATION, DISTRIBUTION, ETC. (IMPRINT)
Place of publication Aligarh
Name of publisher No Publisher
Year of publication 1940
300 ## - PHYSICAL DESCRIPTION
Number of Pages 40p
500 ## - GENERAL NOTE
General note includes index and biblioraphy
650 ## - SUBJECT ADDED ENTRY--TOPICAL TERM
Topical Term Muslims-India-Politics
650 ## - SUBJECT ADDED ENTRY--TOPICAL TERM
Topical Term Pakistan-Movement
650 ## - SUBJECT ADDED ENTRY--TOPICAL TERM
Topical Term Muslim-India-politics
942 ## - ADDED ENTRY ELEMENTS (KOHA)
Koha item type Books
700 1# -
-- Ahmad, Jamal-Ud-din
Holdings
Home library Current library Date acquired Cost, normal purchase price Full call number Accession Number Koha item type
Henry Martyn Institute Library Henry Martyn Institute Library 06/22/2007 100.00 323.39710954 AHM2 971 E-Books
                   Copyright © 2026 | Henry Martyn Institute | Hyderabad | TS-500052 | INDIA | Implemented by hmi.edu.in
Hit-Count:

Powered by Koha